00379nam a2200121Ia 4500008004100000245011600041260001700157260000900174300000900183650002300192650001200215856003000227170516s9999 xx 000 0 und d aEstablishment of Stable Reporter Expression for In Vivo Imaging of Nuclear Factor-κB Activation in Mouse Liver bTheranostics c2013 a3:11 xMedical Technology xMedtech uhttp://www.thno.org/v3i11